| 000 | 01112cam a2200361 a 4500 | ||
|---|---|---|---|
| 001 | 15404005 | ||
| 003 | OSt | ||
| 005 | 20150826141227.0 | ||
| 008 | 080808s2007 ph l 000 0 eng | ||
| 010 | _a 2008337342 | ||
| 020 | _a9710855077 | ||
| 040 |
_aDLC _cDLC _dDLC |
||
| 042 | _alcode | ||
| 043 | _aa-ph--- | ||
| 050 | 0 | 0 |
_aKPM 1214 _b.Az997 1993 |
| 082 |
_aFIL 331 _bAz8 1999 |
||
| 100 | _aAzucena, Jr., C. A. | ||
| 110 | 1 | _aPhilippines. | |
| 240 | 1 | 0 | _aLabor Code of the Philippines |
| 245 | 1 | 4 |
_aThe labor code : _bwith comments and cases / _c C. A. Azucena, Jr. |
| 250 | _aRevised edition. | ||
| 260 |
_aManila, Philippines : _bRex Book Store, _c1993. |
||
| 300 |
_a702 pages ; _c24 cm. |
||
| 500 | _a"Part of the labor law-labor relations series." | ||
| 526 | _c1210L to 1700L | ||
| 562 | _eFor Circulation. 1 Copy Available in the Collection | ||
| 650 | 0 |
_aLabor laws and legislation _zPhilippines. |
|
| 700 | 1 |
_aAzucena, C. A. _q(Cesario Alvero) |
|
| 906 |
_a7 _bcbc _corigode _d2 _encip _f20 _gy-gencatlg |
||
| 942 |
_2lcc _cBK _kFIL |
||
| 999 |
_c288509 _d288509 |
||